000 00457nam a2200181Ia 4500
001 4468
005 20260306145758.0
008 260306t2012||||xx |||||||||||||| ||spa||
041 _aESP
082 _a323.042
_bF75
100 _aForment, Carlos A.
_eAUT
245 0 _aLa formación de la sociedad civil y la democracia en el Perú
260 _c2012
300 _a290 páginas :
_c24 cm.
650 _aGEN
654 _aCHU
942 _cLIB
_dJUS
_fJUS
_2ddc
_n
999 _c4468
_d4468